Which Balkan Country… - Statistics

General Stats
  • This quiz has been taken 18 times
  • The average score is 13 of 24
Answer Stats
Hint Answer % Correct
…has a population of over 86 million? Türkiye
81%
…is not recognized by the United Nations? Kosovo
75%
…gained independence from Serbia in 2006? Montenegro
75%
…has a name which means ‘black mountain’? Montenegro
75%
…speaks a language derived from Latin? Romania
75%
…is known as Shqiperia in its official language? Albania
69%
…hosted the Olympic Games in 1896? Greece
69%
…has a black two-headed eagle on their flag? Albania
63%
…is divided into three ethnic/religious parts? Bosnia and Herzegovina
63%
…was the site of the 1914 assassination of Archduke Franz Ferdinand? Bosnia and Herzegovina
63%
…was frequently abbreviated as the FYROM from 1991 to 2019? North Macedonia
63%
…hosted the Olympic Games in 1984? Bosnia and Herzegovina
56%
…was the birthplace of Mother Teresa? North Macedonia
56%
…switched from the Lev to the Euro in 2026? Bulgaria
50%
…are the origin of the Dalmatian dog breed? Croatia
50%
…executed its dictator and his wife on live television? Romania
50%
…celebrates the Orthodox holiday of Slava? Serbia
50%
…was the site of a deadly nightclub fire in 2025 that killed 63 people and injured 193? North Macedonia
44%
…has never once changed its name since it was founded in 681 AD? Bulgaria
38%
…was the birthplace of Josip Broz Tito? Croatia
38%
…has a white two-headed eagle on their flag? Serbia
38%
…produces the most wine? Romania
31%
…was the birthplace of Nikola Tesla? Croatia
25%
…was the birthplace of Alexander the Great? Greece
25%
No matching quizzes found
Score Distribution
Percent of People with Each Score
Percentile by Number Answered
Your Score History
You have not taken this quiz